New year win for Sir Robert (Record no. 76552)

MARC details
000 -LEADER
fixed length control field 00794cab a2200181 4500
001 - CONTROL NUMBER
control field ##L132677
008 - FIXED-LENGTH DATA ELEMENTS--GENERAL INFORMATION
fixed length control field 060228n2006 000 0 eng u
035 ## - SYSTEM CONTROL NUMBER
System control number (Sirsi) u132677
041 0# - LANGUAGE CODE
Language code of text/sound track or separate title eng
100 1# - MAIN ENTRY--PERSONAL NAME
Personal name McCormick, Helen
245 00 - TITLE STATEMENT
Title New year win for Sir Robert
260 ## - PUBLICATION, DISTRIBUTION, ETC.
Date of publication, distribution, etc. 2006
490 #0 - SERIES STATEMENT
Series statement Contract Journal
Volume/sequential designation 432(6563) 22 February 2006, 20-21(2)
520 ## - SUMMARY, ETC.
Summary, etc. Sir Robert McAlpine topped the new work winners league table for January 2006, with Miller Construction in second place. Also includes tables giving breakdown of work by sector and geographical area, pie graphs showing work by sector over past 12 months and in January, and bar chart illustrating total orders in last 12 months.
590 ## - LOCAL NOTE (RLIN)
Local note IKA280206
690 ## - LOCAL SUBJECT ADDED ENTRY--TOPICAL TERM (OCLC, RLIN)
Topical term or geographic name as entry element BUILT ENVIRONMENT-CONSTRUCTION MARKET
942 ## - ADDED ENTRY ELEMENTS (KOHA)
Suppress in OPAC 0
Holdings
Withdrawn status Lost status Source of classification or shelving scheme Damaged status Not for loan Home library Current library Shelving location Date acquired Total Checkouts Full call number Barcode Date last seen Copy number Price effective from Koha item type
    Dewey Decimal Classification     London London Journal article 28/02/2006   L132677 132677-1001 06/08/2019 1 06/08/2019 Journal article